| 000 | 00438nam a2200181Ia 4500 | ||
|---|---|---|---|
| 008 | 210210b2009 xxu||||| |||| 00| 0 eng d | ||
| 020 | _a9788177583502 | ||
| 041 | _aeng | ||
| 082 | _a650 SALB | ||
| 100 | _aSALEEM (Shaikh) | ||
| 245 | _aBusiness environment | ||
| 260 |
_aDelhi _bPearson Education _c2009 |
||
| 300 | _axvii,532 | ||
| 650 | _aenvironment | ||
| 650 | _aBusiness | ||
| 690 | _aBusiness Environment | ||
| 906 | _a064656 | ||
| 999 |
_c141541 _d141541 |
||